| 000 | 00558nam a2200157 i 4500 | ||
|---|---|---|---|
| 001 | 32221 | ||
| 003 | ES-MaACL | ||
| 005 | 20230906154532.0 | ||
| 007 | t| | ||
| 008 | 030130s1924 sp ||||1| spa d | ||
| 100 | 1 |
_aBenítez de Lugo, Luis. _927630 |
|
| 245 | 1 | 0 |
_aComentarios a la memoria de la Junta Reguladora de la exportación de plátanos _b: proyecto de ordenación de la exportación platanera canaria / _cLuis Benítez de Lugo. |
| 260 |
_aOrotava : _b[s.n., _c1924] ( _fAntonio Herreros) |
||
| 300 |
_a14 h. ; _c27 cm. |
||
| 852 |
_aES-MaACL _j1766-F-13 |
||
| 999 |
_c32221 _d32221 |
||